| 000 | 00546nam a22002057a 4500 | ||
|---|---|---|---|
| 003 | SISC | ||
| 005 | 20160317152157.0 | ||
| 008 | 130830t xxu||||| |||| 00| 0 eng d | ||
| 050 |
_aB 41 _b.D554 2001 |
||
| 082 |
_aHS 741.5 _bB99 2001 |
||
| 100 | _aByrne, John | ||
| 245 |
_aLearn to draw Comics / _cJohn Byrne. |
||
| 260 |
_aLondon : _bHarper Collins, _c2001. |
||
| 300 |
_a63 p. ; _bill. some col. ; _c27 cm. |
||
| 650 | _aComic Strips | ||
| 650 | _aCartoon, Caricature | ||
| 650 | _aHumorous picture | ||
| 942 |
_2lcc _cBK |
||
| 999 |
_c10022 _d10022 |
||